Sexo en la ciudad : la primera temporada completa = Sex and the City : The Complete First Season /
Serie televisual norteamericana basada en la colección de artículos y ensayos Sexo en Nueva York (1997), de la escritora Candance Bushnell, y creada por Darren Star, que gira en torno a las vidas afectivas y sexuales del grupo de amigas formado por Carrie, Samantha, Charlotte y Miranda. Los trayecto...
Збережено в:
| Автор: | |
|---|---|
| Інші автори: | , , , , , , , , , , , , , , , , , , , , , , , |
| Формат: | |
| Мова: | Англійська |
| Опубліковано: |
Nueva York, EUA :
HBO,
1998, c1998
|
| Серія: | (Sexo en la Ciudad. Temporada 1 ;
7, 8, 9, 10, 11, 12) (Sex and the City. Season 1 ; 7, 8, 9, 10, 11, 12) |
| Предмети: | |
| Теги: |
Немає тегів, Будьте першим, хто поставить тег для цього запису!
|
MARC
| LEADER | 00000ngm^a2200000^a^4500 | ||
|---|---|---|---|
| 001 | 000184441 | ||
| 005 | 20250521000000.0 | ||
| 009 | 20260310102115.935 | ||
| 037 | |a Acervo ITESO - Biblioteca | ||
| 041 | |a ING | ||
| 082 | |a 305. 420973471 |b STA S. 1 V. 2 | ||
| 100 | |a Star, Darren |e (idea original) | ||
| 240 | 1 | 1 | |a [Sexo en la ciudad] |
| 240 | 1 | 1 | |a [Sex and the City] |
| 240 | 1 | 1 | |a [Sexo en la ciudad: la primera temporada completa] |
| 240 | 1 | 1 | |a [Sex and the City: The Complete First Season] |
| 245 | 1 | 0 | |a Sexo en la ciudad : |b la primera temporada completa = Sex and the City : The Complete First Season / |c Idea original de D. Star ; prod. ejecutiva de D. Star, M.P. King, B. Jossen ; realización de D. Star... [et al.] |
| 264 | 4 | |a Nueva York, EUA : |b HBO, |c 1998, c1998 | |
| 264 | 2 | |a México : |b Paramount Pictures [distribución], |c 2003, c2003 | |
| 300 | |a 1 DVD región 4 (25, 25, 24, 24, 26, 27 min.) : |b color | ||
| 336 | |a imagen móvil bidimensional |b tdi |2 rdacontenido | ||
| 337 | |a video |b v |2 rdamedio | ||
| 338 | |a videodisco |b vd |2 rdasoporte | ||
| 440 | 1 | |a (Sexo en la Ciudad. |p Temporada 1 ; |v 7, 8, 9, 10, 11, 12) | |
| 440 | 1 | |a (Sex and the City. |p Season 1 ; |v 7, 8, 9, 10, 11, 12) | |
| 500 | |a Basado en: Sexo en Nueva York, de Candace Bushnell | ||
| 520 | |a Serie televisual norteamericana basada en la colección de artículos y ensayos Sexo en Nueva York (1997), de la escritora Candance Bushnell, y creada por Darren Star, que gira en torno a las vidas afectivas y sexuales del grupo de amigas formado por Carrie, Samantha, Charlotte y Miranda. Los trayectos emocionales y profesionales del cuarteto dan cuenta de la condición femenina en el contexto urbano del distrito de Manhattan, en Nueva York. Transmitida durante los años 1998-2004, la serie fue bien acogida por los públicos de Estados Unidos y de otras naciones y recibió a lo largo de sus seis temporadas varias candidaturas y galardones en las entregas de los premios Emmy, de la Academia Norteamericana de Artes y Ciencias Televisuales. | ||
| 520 | |a La presente colección de dos DVD reúne las doce emisiones de la temporada inaugural, con una duración oscilante de los 24 a los 27 minutos, correspondiente al año 1998. El segundo y último tomo de la colección contiene los episodios 7-12 (entre paréntesis es anotada la fecha de la transmisión original del capítulo): Los monogamistas (19 de julio de 1998), Tres son multitud (26 de julio de 1998), La tortuga y la liebre (2 de agosto de 1998), El Baby Shower (9 de agosto de 1998), La sequía (16 de agosto de 1998) y Vengan todos los fieles (23 de agosto de 1998). | ||
| 546 | |a En inglés, con subtítulos opcionales: español, inglés, portugués | ||
| 546 | |a Doblaje opcional: español | ||
| 649 | |a XX | ||
| 650 | |a Mujeres - |z Nueva York, EUA - |x Condiciones Sociales y Culturales - |x Tema Principal | ||
| 650 | |a Mujeres Norteamericanas - |x Condiciones Sociales y Culturales | ||
| 650 | |a Mujeres en la Televisión | ||
| 650 | |a Comedias Románticas | ||
| 650 | |a Series Cómicas | ||
| 650 | |a Series de Televisión | ||
| 650 | |a Televisión - |z EUA - |y 1990-1999 | ||
| 650 | |a Televisión - |z EUA - |y Siglo XX | ||
| 650 | |a Ensayos Norteamericanos - |x Adaptaciones para Televisión | ||
| 650 | |a Literatura Norteamericana - |y Siglo XX - |x Adaptaciones para Televisión | ||
| 650 | |a Literatura y Televisión | ||
| 650 | |a Chismorreo | ||
| 650 | |a Amistad | ||
| 650 | |a Relaciones de Pareja | ||
| 650 | |a Relaciones Intergénero - |x Tema Principal | ||
| 650 | |a Sexualidad - |x Tema Principal | ||
| 650 | |a Prácticas Culturales - |z Nueva York, EUA | ||
| 650 | |a Cultura Urbana - |z Nueva York, EUA | ||
| 650 | |a Nueva York, EUA en la Televisión | ||
| 650 | |a Nueva York, EUA - |x Descripción | ||
| 650 | |a Nueva York, EUA - |x Condiciones Sociales y Culturales | ||
| 700 | |a Star, Darren |e (producción ejecutiva) | ||
| 700 | |a King, Michael Patrick |e (producción ejecutiva) | ||
| 700 | |a Jossen, Barry |e (producción ejecutiva) | ||
| 700 | |a Star, Darren |e (realización) | ||
| 700 | |a Star, Darren |e (guión) | ||
| 700 | |a Barrow, Michael |e (fotógrafo) | ||
| 700 | |a Berenbaum, Michael |e (montaje) | ||
| 700 | |a Cuomo, Douglas J. |e (música) | ||
| 700 | |a Parker, Sarah Jessica |e (actuación) | ||
| 700 | |a Cattrall, Kim |e (actuación) | ||
| 700 | |a Davis, Kristin |e (actuación) | ||
| 700 | |a Holofcener, Nicole |e (realización) | ||
| 700 | |a Bicks, Jenny |e (guión) | ||
| 700 | |a Spiller, Michael |e (fotógrafo) | ||
| 700 | |a Stanzler, Wendey |e (montaje) | ||
| 700 | |a Sanford, Kate |e (montaje) | ||
| 700 | |a Fields, Michael |e (realización) | ||
| 700 | |a Avril, Nicole |e (guión) | ||
| 700 | |a Kolinsky, Susan |e (guión) | ||
| 700 | |a Seidelman, Susan |e (realización) | ||
| 700 | |a Minsky, Terri |e (guión) | ||
| 700 | |a Harrison, Matthew |e (realización) | ||
| 700 | |a Green, Michael |e (guión) | ||
| 700 | |a King, Michael Patrick |e (guión) | ||
| 740 | 0 | |a Sexo en la ciudad : |b Los monogamistas = Sex and the City : The Monogamists / |c Idea original y realización de D. Star ; prod. ejecutiva de D. Star M.P. King, B. Jossen. | |
| 740 | 0 | |a Sexo en la ciudad : |b Tres son multitud = Sex and the City : Three’s a Crowd / |c Idea original de D. Star ; prod. ejecutiva de D. Star M.P. King, B. Jossen ; realización de N. Holofcener. | |
| 740 | 0 | |a Sexo en la ciudad : |b La tortuga y la liebre = Sex and the City : The Turtle and the Hare / |c Idea original de D. Star ; prod. ejecutiva de D. Star M.P. King, B. Jossen ; realización de M. Fields. | |
| 740 | 0 | |a Sexo en la ciudad : |b El Baby Shower = Sex and the City : The Baby Shower / |c Idea original de D. Star ; prod. ejecutiva de D. Star M.P. King, B. Jossen ; realización de S. Seidelman. | |
| 740 | 0 | |a Sexo en la ciudad : |b La sequía = Sex and the City : The Drought / |c Idea original de D. Star ; prod. ejecutiva de D. Star M.P. King, B. Jossen ; realización de M. Harrison. | |
| 740 | 0 | |a Sexo en la ciudad : |b Vengan todos los fieles = Sex and the City : Oh Come All Ye Faithful / |c Idea original de D. Star ; prod. ejecutiva de D. Star M.P. King, B. Jossen ; realización de M. Harrison. | |
| 910 | |a Fondo General | ||
| 920 | |a Audiovisuales - DVDs | ||
| 905 | |a 302 | ||
| 901 | |a 0900104419 |b IT2 |c DVS |u 20250521 | ||
| 902 | |a https://opac.biblio.iteso.mx/vufind/Record/000184441 | ||